00480nam a2200181Ia 4500003000400000005001700004008004100021020002200062040000700084041000800091082002200099100002200121245008100143250000600224260003900230300001600269365001300285OSt20230501113840.0210423s2014 xx 000 0 und d a978-93-860-6275-8 cAL aeng a658.57 223bWILE aWILSON (Jonathan) aEssentials of business research: a guide to doing your research project Ed 2 a2 aNew DelhibSage Publicationsc2014 axiv,352bPB b395cINR